Normal view
MARC view
- قانون ضريبة الدخل - قانون مقارن
Entry Topical Term
001 - CONTROL NUMBER
- control field: 47107
003 - CONTROL NUMBER IDENTIFIER
- control field: JO-AjAnu
005 - DATE AND TIME OF LATEST TRANSACTION
- control field: 20230606081759.0
008 - FIXED-LENGTH DATA ELEMENTS
- fixed length control field: 230606|| aca||aabn | a|a d
040 ## - CATALOGING SOURCE
- Original cataloging agency: JO-AjAnu
- Transcribing agency: JO-AjAnu
150 ## - HEADING--TOPICAL TERM
- Topical term or geographic name entry element: قانون ضريبة الدخل - قانون مقارن
670 ## - SOURCE DATA FOUND
- Source citation: Work cat.: (JO-AjAnu)24108: تاليف المحاميد، موفق سمور علي, author 47106, الطبيعه القانونية لقرارات تقدير ضريبة الدخل: دراسة مقارنة الاردن - مصر - الولايات المتحدة الأمريكية